The history of Imperial Japan's Seisure of Dokdo
সংরক্ষণ করুন:
| প্রধান লেখক: | |
|---|---|
| বিন্যাস: | গ্রন্থ |
| ভাষা: | স্প্যানিশ |
| প্রকাশিত: |
Seúl
Northeast Asian History Foundation
2008
|
| বিষয়গুলি: | |
| ট্যাগগুলো: |
ট্যাগ যুক্ত করুন
কোনো ট্যাগ নেই, প্রথমজন হিসাবে ট্যাগ করুন!
|
MARC
| LEADER | 00000nam a2200000 a 4500 | ||
|---|---|---|---|
| 001 | UCG1080 | ||
| 003 | CL-VaPUC | ||
| 008 | 100422e20080000KO |||||||||||||||||spa|d | ||
| 020 | |a 978896187066593910 | ||
| 082 | 0 | 4 | |a 952 |b BYU |2 21 |
| 100 | 0 | |a Byungryull, Kim |e author |9 548825 | |
| 245 | 1 | 4 | |a The history of Imperial Japan's Seisure of Dokdo |
| 300 | |a 198 p | ||
| 942 | |c BK | ||
| 945 | |d 20100422 00:00:00 |a rbrito | ||
| 260 | |a Seúl |b Northeast Asian History Foundation |c 2008 | ||
| 650 | 7 | |a HISTORIA DEL JAPON |2 CL-VaPUC |9 548826 | |
| 650 | 0 | |a Relaciones diplomáticas |9 381723 | |
| 650 | 0 | |a Relaciones Internacionales |9 255740 | |
| 651 | 0 | |a Japón |9 260391 | |
| 583 | |a last modification |c 20100422 00:00:00 |k Rodrigo Vera | ||
| 999 | |c 340534 |d 340532 | ||
| 952 | |0 0 |1 0 |4 0 |6 952_000000000000000_BYU_2008 |7 0 |8 A |9 435342 |a BIBHIS |b BIBHIS |d 2019-11-22 |i 4664957 |o 952 BYU 2008 |p 4664957 |r 2025-01-20 |w 2019-11-22 |y BK |k HIS | ||